000 00846nam a2200229Ia 4500
003 IN-BaIIA
008 211028s9999 xx 000 0 eng d
040 _cIIA Library
080 _a524.316(082.2)
_bLAT
111 _aColloquium on ate-type stars
_cTrieste
_d1966 June 13-17
_95424
245 0 _aColloquium on late-type stars
_bproceedings of the colloquium held in Trieste, June 13-17, 1966
_cedited by Margherita Hack
260 _aTrieste
_bObservatoria Astronomicao Di Trieste
_c1966
300 _a465p.
650 _aAstronomy and astrophysics thesaurus
650 _aCool stars
_95425
650 _aLate type stars
_95426
650 _aStellar atmospheres
_91135
650 _aWilson - Bppu effect
_95427
700 _aHack, Margherita., ed.
_95428
710 _aOsservatorio Astronomico
_95429
942 _cBK
999 _c3052
_d3052